[Event "Mittelfrank Regionalliga Sud-Ost 2223"]
[Site "Mittelfranken"]
[Date "2022.11.27"]
[Round "3.8"]
[White "Schultes, Christoph"]
[Black "Schwabeneder, Markus"]
[Result "1-0"]
[WhiteElo "1931"]
[BlackElo "1896"]
[PlyCount "96"]
[EventDate "2022.10.09"]
[EventType "team-tourn"]
[EventRounds "9"]
[EventCountry "GER"]
[SourceTitle "EXT 2024"]
[Source "ChessBase"]
[SourceDate "2023.10.10"]
[SourceVersion "1"]
[SourceVersionDate "2023.10.10"]
[SourceQuality "1"]
[WhiteTeam "Landau Dingolfing"]
[BlackTeam "Passau II"]
[WhiteTeamCountry "GER"]
[BlackTeamCountry "GER"]

1. d4 Nf6 2. c4 c5 3. d5 b5 4. cxb5 a6 5. bxa6 Bxa6 6. Nc3 g6 7. Nf3 Bg7 8. e4 Bxf1 9. Kxf1 d6 10. g3 Nbd7 11. Kg2 Ng4 12. Qe2 0-0 13. Nd2 h5 14. f3 Ngf6 15. Nc4 Nb6 16. a4 Nxc4 17. Qxc4 Qb6 18. Nb5 Rfb8 19. Bd2 Ne8 20. Bc3 Nc7 21. Nxc7 Qxc7 22. Rhb1 Qb7 23. Bxg7 Kxg7 24. b3 Qb4 25. Qc2 Ra7 26. Ra2 Qa5 27. Rc1 Rab7 28. Qc3+ Qxc3 29. Rxc3 Rxb3 30. Rxb3 Rxb3 31. a5 Rb7 32. a6 Ra7 33. Kf2 Kf6 34. Ke3 e6 35. Kd3 h4 36. Kc4 hxg3 37. hxg3 Ke5 38. dxe6 fxe6 39. Kb5 Ra8 40. a7 g5 41. g4 Kd4 42. Kb6 d5 43. Kb7 Rf8 44. a8Q Rxa8 45. Rxa8 dxe4 46. Ra4+ c4 47. fxe4 Kxe4 48. Rxc4+ Kf3 1-0

[Event "Vienna Husek op-A"]
[Site "Vienna"]
[Date "2012.08.19"]
[Round "7"]
[White "Schwabeneder, Markus"]
[Black "Riemelmoser, Stefan"]
[Result "1/2-1/2"]
[WhiteElo "1996"]
[BlackElo "2112"]
[PlyCount "57"]
[EventDate "2012.08.13"]
[EventType "swiss"]
[EventRounds "7"]
[EventCountry "AUT"]
[SourceTitle "EXT 2014"]
[Source "ChessBase"]
[SourceDate "2013.11.20"]
[SourceVersion "1"]
[SourceVersionDate "2013.11.20"]
[SourceQuality "1"]

1. e4 e6 2. d4 d5 3. Nc3 Bb4 4. e5 c5 5. a3 Bxc3+ 6. bxc3 Ne7 7. Qg4 Qc7 8. Qxg7 Rg8 9. Qxh7 cxd4 10. Ne2 Nbc6 11. f4 Bd7 12. Qd3 dxc3 13. Nxc3 a6 14. Be3 Nf5 15. Bf2 Qa5 16. Qd2 0-0-0 17. Ne2 Qb5 18. Nd4 Qb2 19. Rd1 Ncxd4 20. Bxd4 Nxd4 21. Qxd4 Qxc2 22. g3 Bc6 23. Be2 Rh8 24. Kf2 Rh3 25. Rd2 Qg6 26. Bf1 Rh6 27. Bd3 Qg4 28. Be2 Qh3 29. Bf1 1/2-1/2

[Event "Vienna Husek op-A"]
[Site "Vienna"]
[Date "2012.08.17"]
[Round "5"]
[White "Schwabeneder, Markus"]
[Black "Siclovan, Cristian Daniel"]
[Result "0-1"]
[WhiteElo "1996"]
[BlackElo "2182"]
[PlyCount "30"]
[EventDate "2012.08.13"]
[EventType "swiss"]
[EventRounds "7"]
[EventCountry "AUT"]
[SourceTitle "EXT 2014"]
[Source "ChessBase"]
[SourceDate "2013.11.20"]
[SourceVersion "1"]
[SourceVersionDate "2013.11.20"]
[SourceQuality "1"]

1. e4 e6 2. d4 d5 3. Nc3 Bb4 4. e5 c5 5. a3 Bxc3+ 6. bxc3 Qc7 7. Bd2 Ne7 8. Qg4 cxd4 9. Qxg7 Rg8 10. Bb5+ Bd7 11. Bxd7+ Nxd7 12. Qxh7 dxc3 13. Bf4 Nxe5 14. Bg3 0-0-0 15. Ne2 Nf5 0-1

[Event "Vienna Husek op-A"]
[Site "Vienna"]
[Date "2012.08.14"]
[Round "2"]
[White "Algars, Olle"]
[Black "Schwabeneder, Markus"]
[Result "1/2-1/2"]
[WhiteElo "2094"]
[BlackElo "1996"]
[PlyCount "28"]
[EventDate "2012.08.13"]
[EventType "swiss"]
[EventRounds "7"]
[EventCountry "AUT"]
[SourceTitle "EXT 2014"]
[Source "ChessBase"]
[SourceDate "2013.11.20"]
[SourceVersion "1"]
[SourceVersionDate "2013.11.20"]
[SourceQuality "1"]

1. Nf3 Nf6 2. c4 g6 3. g3 Bg7 4. Bg2 0-0 5. d4 c5 6. 0-0 cxd4 7. Nxd4 Nc6 8. Nc3 Nxd4 9. Qxd4 d6 10. Qd3 Rb8 11. h3 b6 12. Rd1 Bb7 13. e4 Nd7 14. Nd5 Rc8 1/2-1/2

[Event "Niederbayernliga 1112"]
[Site "Bayern"]
[Date "2012.??.??"]
[Round "9"]
[White "Schwabeneder, Markus"]
[Black "Fuchsgruber, Helmut"]
[Result "1-0"]
[WhiteElo "1929"]
[BlackElo "1867"]
[PlyCount "43"]
[EventDate "2011.10.??"]
[EventType "team-tourn"]
[EventRounds "9"]
[EventCountry "GER"]
[SourceTitle "EXT 2023"]
[Source "ChessBase"]
[SourceDate "2022.10.05"]
[SourceVersion "1"]
[SourceVersionDate "2022.10.05"]
[SourceQuality "1"]
[WhiteTeam "Passau II"]
[BlackTeam "Landau Dingolfing"]
[WhiteTeamCountry "GER"]
[BlackTeamCountry "GER"]

1. e4 e6 2. d4 d5 3. Nc3 Bb4 4. e5 Ne7 5. a3 Bxc3+ 6. bxc3 c5 7. Qg4 Qa5 8. Bd2 0-0 9. Bd3 Nbc6 10. Nf3 f6 11. 0-0 c4 12. exf6 Rxf6 13. Bg5 e5 14. Bxh7+ Kxh7 15. Qh5+ Kg8 16. Bxf6 gxf6 17. dxe5 Qxc3 18. Qe8+ Kg7 19. Rae1 Bg4 20. Qxa8 Bxf3 21. Re3 Qxc2 22. exf6+ 1-0

[Event "Passau op 8th"]
[Site "Passau"]
[Date "2000.04.23"]
[Round "6"]
[White "Schwabeneder, Markus"]
[Black "Reiss, Stephanie"]
[Result "1-0"]
[WhiteElo "1679"]
[BlackElo "1192"]
[PlyCount "47"]
[EventDate "2000.04.21"]
[EventType "swiss"]
[EventRounds "7"]
[EventCountry "GER"]
[SourceTitle "CBM 076 Extra"]
[Source "ChessBase"]
[SourceDate "2000.07.11"]
[SourceVersion "1"]
[SourceVersionDate "2000.07.11"]
[SourceQuality "1"]

1. d4 g6 2. c4 Bg7 3. e4 d6 4. Be3 Nf6 5. f3 0-0 6. Qd2 Na6 7. Nc3 c5 8. d5 Nc7 9. h4 a6 10. g4 Bd7 11. 0-0-0 b5 12. h5 bxc4 13. Bxc4 Nb5 14. Nge2 Qb6 15. Bh6 Rab8 16. b3 Nxc3 17. Nxc3 a5 18. a4 Qb4 19. Kc2 e5 20. Bg5 Qb7 21. Qh2 Rfc8 22. Qh4 Ne8 23. hxg6 fxg6 24. Qxh7+ 1-0

[Event "Passau op 8th"]
[Site "Passau"]
[Date "2000.04.22"]
[Round "4"]
[White "Schwabeneder, Markus"]
[Black "Diehl, Andreas"]
[Result "0-1"]
[WhiteElo "1679"]
[BlackElo "1934"]
[PlyCount "48"]
[EventDate "2000.04.21"]
[EventType "swiss"]
[EventRounds "7"]
[EventCountry "GER"]
[SourceTitle "CBM 076 Extra"]
[Source "ChessBase"]
[SourceDate "2000.07.11"]
[SourceVersion "1"]
[SourceVersionDate "2000.07.11"]
[SourceQuality "1"]

1. d4 Nf6 2. c4 g6 3. Nc3 d5 4. b3 Bg7 5. g3 c5 6. e3 cxd4 7. exd4 Nc6 8. Nge2 Bg4 9. Bg2 Qa5 10. 0-0 dxc4 11. bxc4 Rd8 12. Qb3 Nxd4 13. Nxd4 Rxd4 14. Bxb7 0-0 15. Nb5 Rdd8 16. Qa3 Qb6 17. Bg2 Nd5 18. Bxd5 Bxa1 19. Qxe7 Rxd5 20. Be3 Bd4 21. Nxd4 Rxd4 22. Qe5 Rfd8 23. c5 Qb2 24. Bc1 Qe2 0-1

[Event "Passau op 7th"]
[Site "Passau"]
[Date "1999.04.04"]
[Round "6"]
[White "Hapala, Michaela"]
[Black "Schwabeneder, Markus"]
[Result "1-0"]
[WhiteElo "1807"]
[BlackElo "1650"]
[PlyCount "33"]
[EventDate "1999.04.02"]
[EventType "swiss"]
[EventRounds "7"]
[EventCountry "GER"]
[SourceTitle "EXT 2000"]
[Source "ChessBase"]
[SourceDate "1999.11.16"]
[SourceVersion "1"]
[SourceVersionDate "1999.11.16"]
[SourceQuality "1"]

1. c4 Nf6 2. d4 c5 3. d5 b5 4. cxb5 a6 5. Nc3 axb5 6. Nxb5 Qa5+ 7. Nc3 Bb7 8. Bd2 Qc7 9. e4 g6 10. Bd3 Na6 11. Nb5 Qb6 12. a4 Nb4 13. Bxb4 cxb4 14. Rc1 Rc8 15. Rxc8+ Bxc8 16. Qc2 Kd8 17. Nf3 1-0